| 000 | 00908cam a2200289 i 4500 | ||
|---|---|---|---|
| 999 |
_c200447786 _d65998 |
||
| 001 | 200447786 | ||
| 003 | TR-AnTOB | ||
| 005 | 20230102095857.0 | ||
| 007 | ta | ||
| 008 | 051122s2003 ko ad i100 0 eng | ||
| 035 | _a(TR-AnTOB)200447786 | ||
| 040 |
_aTR-AnTOB _beng _erda _cTR-AnTOB |
||
| 041 | 0 | _aeng | |
| 050 | 4 |
_aHD9710.K6 _bR63 2003 |
|
| 090 |
_aHD9710.K6 _bR63 2003 |
||
| 245 | 1 | 0 |
_aThe Road to sustainability : _bHyundai Motor Company 2002/2003. |
| 264 | 1 |
_aKorea : _bHyundai Motor Company, _c2003. |
|
| 300 |
_a70 pages : _billustrations, graphics ; _c27 cm |
||
| 336 |
_atext _btxt _2rdacontent |
||
| 337 |
_aunmediated _bn _2rdamedia |
||
| 338 |
_avolume _bnc _2rdacarrier |
||
| 650 | 0 |
_aAutomobile industry and trade _xEnvironmental aspects _zKorea (South) _9135853 |
|
| 710 | 2 |
_aHyundai Motor Company _9135855 |
|
| 942 |
_2lcc _cBK |
||